000 00663nam a2200229Ia 4500
003 GCL
008 140319s9999 xx 000 0 ara d
040 _aGCL /
_cGCL
082 0 4 _a320.962
_bا ا
100 1 _aابراهيم عبده
245 1 0 _aاقول للسلطان /
_cابراهيم عبده
260 _a[S.N] :
_bالمكتب المصرى الحديث ،
_c1977
300 _a126 ص
490 _a
650 0 4 _aمصر
650 0 4 _aالاحوال السياسية
650 0 4 _aالحقوق السياسية
650 0 4 _aالانتخابات
650 0 4 _aالمبادئ السياسية
650 0 4 _aالسياسة
942 _2ddc
_cBK
999 _c36050
_d36050